Quick Pick: Aerosmith Songs Quiz Stats

 Plays Quiz Updated Mar 27, 2018

Score 0/16 Timer 01:30
1 Play Today
% Correct
Walk
97.1%
Line
97%
Edge
96.6%
Elevator
96.5%
Song
96.4%
Doll
96.3%
Miss
96.3%
Lady
96.1%
% Correct
Sweet
95.8%
What
95.8%
Other
95.3%
Janie's
94.9%
Saddle
94.8%
Dream
94.4%
Wither
83.3%
Mama
79.2%

Today's Daily Dose

You're not logged in!

Compare scores with friends on all Sporcle quizzes.
OR
Log In

You Might Also Like...

Show Comments

Extras

Top Quizzes Today


Score Distribution

Your Account Isn't Verified!

In order to create a playlist on Sporcle, you need to verify the email address you used during registration. Go to your Sporcle Settings to finish the process.

Report this User

Report this user for behavior that violates our Community Guidelines.

Details: